1213 1017 1484 1171 1742 1138 1843 1604 1627 1733 1271 1374 1110 1811 1459 1411 1012 1930 1698 1709 1175 1030 1867 1241 1537 1199 1102 1648 1925 1503 1975 1056 1343 1484 1087 1481 1040 1280 1144 1400 1496 1489 1172 1813 1595 1481 1229 1558 1524 1613 1234 1875 1605 1182 1676 1430 1182 1772 1057 1451 1900 1222 1470 1701 1822 1606 1408 1331 1635 1762 1096 1483 1111 1633 1839 1821 1015 1867 1824 1480 1883 1702 1566 1303 1546 1511 1256 1921 1248 1536 1637 1825 1400 1137 1259 1869 1703 1431 1603 BCNSPRNW ULIB Ver.6.0+V

เปลี่ยนเป็นภาษาไทย

Change to English
 แสดงรายละเอียดบรรณานุกรม
  กลับหน้าหลัก

Brief Record : Get Marc (ISO 2709) : E-mail record : QR code < ปิดหน้าต่าง
LEADER : 00000nam 2200000uu 4500
001    13399112264
003     ULIB
008    110802s2546||||th 000 0 tha d
020    9743610898
040    brv
050  4 HD57.7^bย121ภ 2546
100 0  ยงยุทธ เกษสาคร
245 10 ภาวะผู้นำและการจูงใจ =^bLeadership and motivation techniques /^cผู้เรียบเรียงยงยุทธ เกษสาคร
246 31 Leadership and motivation techniques
250    พิมพ์ครั้งที่ 6
260    กรุงเทพฯ :^bSK Booknet,^c2546
300    (11), 342 หน้า ;^c26 ซม.
650  4 การจูงใจ (จิตวิทยา)
650  4 ผู้นำ
945    ^p189^l0^i017025
995    ทศพร
999 ^a ทศพร
รายการนี้ยังไม่มีแท็ก
คุณยังไม่ได้ล็อกอิน คุณสามารถมีกิจกรรมร่วมกับเว็บไซต์ได้ แต่ต้องล็อกอินก่อน ::
  ล็อกอิน

รายการสื่อสารสนเทศ

ลำดับที่ ประเภท เลขเรียก/บาร์โค้ด สถานที่ สถานะ
- ไม่พบข้อมูล -

รายการใกล้เคียง
    ผู้แต่ง [ยงยุทธ เกษสาคร]

    หัวเรื่อง [การจูงใจ (จิตวิทยา)]
    หัวเรื่อง [ผู้นำ]

BibComment


ยังไม่เคยถูกคอมเมนท์

คอมเมนท์ทรัพยากรรายการนี้
  คอมเมนท์: ภาวะผู้นำและการจู..


 Copyright 2026. Bcnsprnw @Library